000 00476nam a22001817a 4500
005 20230415111923.0
008 230414b |||||||| |||| 00| 0 eng d
020 _a978-1-11-9-28974-6
041 _aeng
082 _a610 WAL-A
100 _aWALLER, PATRICK AND WOOLRYCH, MIRA HARRISON
_97797
245 _aAN INTRODUCTION TO PHARMACOVIGILANCE
250 _a2nd ed.
260 _bWILEY BLACKWELL
300 _a170;P.
650 _aPHARMACY
_xB.PHARMA
_97798
942 _cBK
999 _c8295
_d8293